000 00563nam a2200205Ia 4500
005 20250923145943.0
008 008 250917s9999 xx 000 0 eng d
037 _aTextual
040 _aDSWL
_beng
_cDSWL
041 _aeng
_2eng
084 _aY:7:70gG:55, N92
_qDSWL
100 _aWachs, T.D.
_9840671
245 4 _aThe nature of nurture
_c by T.D. Wachs
260 _aLondon
_bSage Publication
_c1992
300 _a190p.
365 _aINR
_b720.19
925 _g720.19
942 _cTEXL
_hY:7:70gG:55, N92
999 _c1457756
_d1457756